000 00794nam a22002177a 4500
001 47186
003 BD-RjUL
005 20211209054255.0
008 160807s1964 bg ||||| |||| 00| 0 ben d
035 _a(BD-RjUL)
040 _aBD-RjUL
_bben
_cBD-RjUL
041 _aben
082 _a500
_223
_bQUB 1964
100 _aকুদরাত-এ খুদা, মুহাম্মাদ
_9143685
245 _aবিচিত্র বিজ্ঞান /
_cমুহাম্মাদ কুদরাত-এ খুদা
260 _aঢাকা :
_bবাঙ্লা একাডেমীঃ বর্ধমান হাউস,
_c১৯৬৪
300 _a৭৬ পৃ. ;
_c১৯ সেমি.
650 _aবিজ্ঞান
_9143686
650 _ascience
_9143687
942 _2ddc
_cBK
999 _c47186
_d47186